THE MOST EXPENSIVE COUNTRIES TO LIVE IN, IN 2022 QUIZ - Statistics

General Stats
  • This quiz has been taken 34 times
  • The average score is 20 of 30
Answer Stats
COST OF LIVING INDEX ANSWER % Correct
70.22 CANADA
97%
74.13 FRANCE
97%
77.75 AUSTRALIA
93%
73.20 FINLAND
93%
77.03 JAPAN
93%
100.90 NORWAY
93%
71.74 SWEDEN
93%
123.35 SWITZERLAND
93%
70.13 UNITED STATES OF AMERICA
93%
84.12 DENMARK
90%
74.52 NEW ZEALAND
86%
83.98 SINGAPORE
86%
69.65 UNITED KINGDOM
86%
94.86 ICELAND
83%
71.04 AUSTRIA
79%
76.05 IRELAND
79%
80.50 LUXEMBOURG
79%
75.66 NETHERLANDS
76%
72.61 BELGIUM
72%
73.22 SOUTH KOREA
72%
88.05 ISRAEL
62%
67.84 MALTA
48%
84.00 BAHAMAS
38%
80.71 HONG KONG
34%
92.37 BARBADOS
21%
66.81 MACAU
21%
146.04 BERMUDA
14%
69.62 LEBANON
14%
83.59 GUERNSEY
3%
92.02 JERSEY
3%
No matching quizzes found
Score Distribution
Percent of People with Each Score
Percentile by Number Answered
Your Score History
You have not taken this quiz